La querella de la educación pública: el debate Domeyko-Varas, 1842-1843 -documentos-

Saved in:
Bibliografiske detaljer
Hovedforfatter: Rodríguez Freire, Raúl (autor)
Format: Bog
Sprog:spansk
Udgivet: Viña del Mar Asociación Communes 2016
Udgivelse:1a. ed
Serier:Archivos, 01
Fag:
Tags: Tilføj Tag
Ingen Tags, Vær først til at tagge denne postø!

MARC

LEADER 00000cam a2200000 a 4500
001 UCC6265
003 CL-VaPUC
008 181130e20160000cl |||||||||||||||||spa|d
020 |a 9789569830013 
082 0 4 |a 370  |b ROD  |2 21 
100 |a Rodríguez Freire, Raúl  |e autor  |9 896307 
245 1 3 |a La querella de la educación pública: el debate Domeyko-Varas, 1842-1843 -documentos- 
250 |a 1a. ed 
300 |a 137 p 
942 |c BK 
945 |d 20181130 13:53:00  |a dcastane 
260 |a Viña del Mar  |b Asociación Communes  |c 2016 
600 0 |a Domeyko, Ignacio  |9 326006 
600 0 7 |a VARAS, ANTONIO  |2 CL-VaPUC  |9 315170 
650 0 |a Filosofía de la educación   |9 258384 
650 0 |a Historia de la educación   |9 257642 
583 |a last modification  |c 20181130 13:53:00  |k Rodrigo Vera 
490 0 |a Archivos, 01 
999 |c 373249  |d 373247 
952 |0 0  |1 0  |3 erb  |4 0  |6 370_000000000000000_ROD_2016  |7 0  |8 A  |9 491312  |a FDOPOS  |b FDOPOS  |i 5518962  |o 370 ROD 2016  |p 5518962  |r 2025-01-22  |w 2019-11-24  |y BK  |z Catalogado en:20181130  |k DLH